000 00472nam a2200193Ia 4500
003 OSt
005 20250902160430.0
008 250729s2004 xx 000 0 und d
020 _a ‎ 978-8176488815
040 _cAL
041 _aeng
082 _a370 MISE
100 _aMishra B C
_9222392
245 _aEarly childhood care and eductation
260 _aNew Delhi
_bA P H Publishing
_c2004
300 _a310p
650 _aEducation
_9222393
942 _2ddc
_cBED
999 _c235441
_d235441